| 000 | 01180cam a2200373 i 4500 | ||
|---|---|---|---|
| 001 | 1075817 | ||
| 003 | YEEZEN | ||
| 005 | 20250509153102.0 | ||
| 008 | 220428s2022 ch a e 000 1dchi d | ||
| 020 |
_a9786269574803 _q(平裝) : _cNT$330 |
||
| 020 |
_a9786269574810 _q(PDF) |
||
| 020 |
_a9786269574827 _q(EPUB) |
||
| 040 |
_aCIP _bchi _cCIP _dTWFJU _eccr _dPTTCL |
||
| 041 | 1 |
_achi _hdan |
|
| 042 | _anbic | ||
| 084 |
_a881.557 _b3524 v.1 _2ncsclt |
||
| 090 |
_a881.557 _b3524 |
||
| 100 | 1 |
_aDitlevsen, Tove, _d1917-1976. |
|
| 210 | _a哥本哈根三部曲 | ||
| 222 | _a哥本哈根三部曲 | ||
| 240 | 1 | 0 |
_a哥本哈根三部曲 _l中文 |
| 245 | 1 | 0 |
_a哥本哈根三部曲 _n1童年 2青春3毒藥: _c托芙.迪特萊弗森(Tove Ditlevsen)著 ; 吳岫穎譯 |
| 246 | 1 | _a哥本哈根三部曲 | |
| 246 | 1 | _a哥本哈根3部曲 | |
| 250 | _a初版 | ||
| 260 |
_a新北市 : _b潮浪文化, _c2022.04.05.07月 |
||
| 300 |
_a186 面 : _b圖 ; _c21 公分 |
||
| 490 | 0 |
_a文學聚落 ; _v001. |
|
| 490 | 0 |
_aVillage ; _v001. |
|
| 500 | _a譯自 : Barndom : Kobenhavnertrilogi. I. | ||
| 700 | 1 |
_aDitlevsen, Tove, _d1917-1976. |
|
| 700 | 1 | _a吳岫穎 | |
| 942 |
_2ccl _cBOOK |
||
| 999 |
_c7637 _d7637 |
||